000 00683nam a2200205Ia 4500
005 20250508153505.0
008 008 250505s9999 xx 000 0 eng d
037 _aTextual
040 _aFEDL
_beng
_cFEDL
041 _aeng
_2eng
084 _a379.11, UNI
_qFEDL
100 _aHerlihy Lester B
245 0 _aCurrent expenditures per pupil in public-school systems: Small and medium-sized cities, 1956-57
245 0 _cU S Department of Health, Education and Welfare
260 _aWashington, USA
_bU.S. Government Printing Office
_c1958
300 _aiii,40p
700 _a Williams Joel
_9764134
942 _cTEXL
_h379.11, UNI
999 _c1343208
_d1343208